Регионална библиотека "Любен Каравелов" - Русе

Специална технология по корабостроене (Запис номер 185383)

MARC детайли
000 -Лидер
Контролно поле с фиксирана дължина nam a22 a 4500
003 - Код на организацията, давaща контролен номер
Контролно поле BLK
005 - Дата и час на последна редакция
Контролно поле 20221215091633.0
008 - Елементи от данни с фиксирана дължина
fixed length control field 180411b bul|||||r ||||||| ||bul||
010 ## - Наследен системен номер
LC control number KNG00194376000
040 ## - Източник на каталожния запис
Идентификатор на билиотеката - собственик на записа BLK
041 ## - Код за език
Код за езика на текст/звукозапис или на отделно заглавие Български
Код за езика КДБФ Български
080 ## - УДК
Текстов определител УДК Водни транспортни средства. Морски транспортни средства. Плавателни съдове. Кораби. Корабостроене
УДК код - определител по УДК 629.5
УДК определител (075.32)
УДК - код + определител 629.5(075.32)
100 1# - Редна дума - Автор
Автор Калев, Христо Иванов
Авторска отговорност първи автор
R(LIN) 279367
139 ## - Редно поле
Редна дума Калев, Христо Иванов и др.
Авторски знак Кал - К 16
245 10 - Сведения за заглавието
Заглавие Специална технология по корабостроене
Подзаглавни данни Учебник за III курс на СПТУ по корабостроене
Редно поле (дума) Христо Иванов Калев; съавт. Цанко Илиев Лапаков; съавт. Димо Георгиев Дерибеев.
250 ## - Област на изданието
Сведения за изданието 2. изд.
257 ## - Страна на издаване
Страна на създаване/издаване България
260 ## - Област на издателските данни
Име на издателя, разпространителя и проч. Техника
Година на издаване 1981
Печатница Ямбол : Г. Димитров
Място на издаване, разпространение и проч. София
300 ## - Физическа характеристика
Страници 248 с.
Илюстрации и др. с черт., 1 л. сх.
Размери/Мащаб 22 см
380 ## - Жанр
Жанр Техника
500 ## - Общи забележки
Забележка 1. изд. 1976. - 2 570 тир.
650 #4 - Допълнително описание по предмет – тема
Основно описание – тема или топоним Корабостроене
9 (RLIN) 159429
650 #4 - Допълнително описание по предмет – тема
Основно описание – тема или топоним Учебници - за средните училища
9 (RLIN) 265747
700 1# - Други автори (авторска отговорност)
Лично име Лапаков, Цанко Илиев
Автороска отговорност (Описва отношението между автора и произведението) съавт.
9 (RLIN) 343788
700 1# - Други автори (авторска отговорност)
Лично име Дерибеев, Димо Георгиев
Автороска отговорност (Описва отношението между автора и произведението) съавт.
9 (RLIN) 343789
852 ## - Местоположение
Форматна сигнатура Цб 107817
Фондова буква Хранилище
856 4# - Електронен адрес и достъп
Електронен формат pdf - файл
Инструкция (цена за достъп) 0.00
Права за достъп disable
856 4# - Електронен адрес и достъп
Електронен формат pdf - файл
Инструкция (цена за достъп) 0.00
Права за достъп disable
999 ## - СИСТЕМНИ КОНТРОЛНИ НОМЕРА
Koha biblionumber 185383
Koha biblioitemnumber 185383
942 ## - АРТИКУЛИ
Вид на библиотечния материал Книги
Скрит в OPAC Не
Периодичен библиозапис Да
944 ## - СЪЗДАВАНЕ И РЕДАКЦИЯ на ЗАПИСА
Създаване/Редакция Създаване
Дата на регистрацията/редакция 25.10.2016
Служител, извършил регистрацията/редакцията Кети_Илиева
944 ## - СЪЗДАВАНЕ И РЕДАКЦИЯ на ЗАПИСА
Създаване/Редакция Редакция
Дата на регистрацията/редакция 25.10.2016
Служител, извършил регистрацията/редакцията Кети_Илиева
944 ## - СЪЗДАВАНЕ И РЕДАКЦИЯ на ЗАПИСА
Създаване/Редакция Редакция
Дата на регистрацията/редакция 2022-12-15
Служител, извършил регистрацията/редакцията Микаела Микова-Илиева
999 ## - СИСТЕМНИ КОНТРОЛНИ НОМЕРА
Koha biblioitemnumber 185383
999 ## - СИСТЕМНИ КОНТРОЛНИ НОМЕРА
Koha biblioitemnumber 185383
Наличности
Код за отписване Код за изгубен артикул Източник на класификационната схема Код за повреда Коз за рестрикции Код за отдаване Артикулен № Име на библиотеката - собственик Име на библиотеката, в която се намира в момента Статус (Текущо местоположение) Дата на вписване в системата Местоположение - отдел Цена в лева Инвентарен номер Систематично азбучна сигнатура Баркод Номер на екземпляра Цена в евро Служебна бележка Служебен тип на артикула
  Не е изгубен Universal Decimal Classification Не е повреден само за читалня ползва се в читалня 321204 Регионална библиотека "Любен Каравелов" Русе Регионална библиотека "Любен Каравелов" Русе Хранилище 1981-01-01 Хранилище 0.83 323529 Цб 107817 120000323529 1 0.42 Вид: Сф Дата: 01.01.1981 Книги
Изтеглен Не е изгубен Universal Decimal Classification Не е повреден без рестрикции заемане за дома 321205 Регионална библиотека "Любен Каравелов" Русе Регионална библиотека "Любен Каравелов" Русе Заемна - подръчен фонд 1981-01-01 Заемна - подръчен фонд 0.90 334740 629.5/К 16 334740 2 0.46 Вид: Сф Дата: 01.01.1981 Дата инв: 07.02.2018 Бележки инв: П2018 Книги
Изтеглен Не е изгубен Universal Decimal Classification Не е повреден без рестрикции заемане за дома 321206 Регионална библиотека "Любен Каравелов" Русе Регионална библиотека "Любен Каравелов" Русе Заемна - подръчен фонд 1981-01-01 Заемна - подръчен фонд 0.90 334741 629.5/К 16 334741 3 0.46 Вид: Сф Дата: 01.01.1981 Дата инв: 07.02.2018 Бележки инв: П2018 Книги
Vip Innovations Ltd, Rousse, Bulgaria 2025